Anwendung der Rechentechnik in der Ausbildung von Studenten ökonomischer Fachrichtungen, insbesondere auf dem Gebiet der Informationsverarbeitung

Gespeichert in:
Bibliographische Detailangaben
Format: Buch
Sprache:Deutsch
Veröffentlicht: Berlin Hochschule für Ökonomie "Bruno Leuschner" 1989
Ausgabe:1. Aufl.
Schriftenreihe:<Das> Konferenzmaterial Heft 108
Tags: Tag hinzufügen
Keine Tags, Fügen Sie das erste Tag hinzu!

MARC

LEADER 00000nam a2200000 4500
001 c032523
005 20221215124128.6
041 0 |a ger 
044 |a DE 
245 1 0 |a Anwendung der Rechentechnik in der Ausbildung von Studenten ökonomischer Fachrichtungen, insbesondere auf dem Gebiet der Informationsverarbeitung 
250 |a 1. Aufl. 
264 1 |a Berlin  |b Hochschule für Ökonomie "Bruno Leuschner"  |c 1989 
300 |a 115 s. 
490 1 |a <Das> Konferenzmaterial  |v Heft 108 
830 0 |a <Das> Konferenzmaterial  |v Heft 108